000 00265nam a22001217a 4500
040 _cSK
082 _a620
100 _aJOSEPH E.
245 _aengineering properties of soils and their measurements
260 _aNEW YORK
_bLOU
_c1970
300 _a22p.
942 _cEK
999 _c8736
_d8736